Cuerpo y mirada, huellas del siglo XX / (Record no. 186513)

MARC details
000 -LEADER
campo de control de longitud fija 01114nam a2200289 i 4500
001 - NÚMERO DE CONTROL
campo de control 186513
003 - IDENTIFICADOR DE NÚMERO DE CONTROL
campo de control SpMaBN
005 - FECHA Y HORA DE LA ÚLTIMA TRANSACCIÓN
campo de control 20250905102003.0
008 - DATOS DE LONGITUD FIJA--INFORMACIÓN GENERAL
campo de control de longitud fija 161121s2007 sp a |||| |dspa d
020 ## - NÚMERO INTERNACIONAL ESTÁNDAR DEL LIBRO
Número Internacional Estándar del Libro 978-84-8026-348-1
080 ## - NÚMERO DE LA CLASIFICACIÓN DECIMAL UNIVERSAL
Número de la Clasificación Decimal Universal 7.041.2/.3
080 ## - NÚMERO DE LA CLASIFICACIÓN DECIMAL UNIVERSAL
Número de la Clasificación Decimal Universal 7.01
080 ## - NÚMERO DE LA CLASIFICACIÓN DECIMAL UNIVERSAL
Número de la Clasificación Decimal Universal 7.036
080 ## - NÚMERO DE LA CLASIFICACIÓN DECIMAL UNIVERSAL
Número de la Clasificación Decimal Universal 159.937.5
245 00 - MENCIÓN DEL TÍTULO
Título Cuerpo y mirada, huellas del siglo XX /
Mención de responsabilidad, etc. edición a cargo de Aurora Fernández Polanco.
260 ## - PUBLICACIÓN, DISTRIBUCIÓN, ETC.
Lugar de publicación, distribución, etc. Madrid :
Nombre del editor, distribuidor, etc. Museo Nacional Centro Arte Reina Sofía,
Fecha de publicación, distribución, etc. [2007]
300 ## - DESCRIPCIÓN FÍSICA
Extensión 201 p. :
Otras características físicas il. col. y n. ;
Dimensiones 23 cm.
500 ## - NOTA GENERAL
Nota general Índice.
594 ## - Nota al título y mención de responsabilidad
Nota al título y mención de responsabilidad Recopilación de las conferencias del ciclo homónimo celebrado en el MNCARS entre el 16 de febrero y el 28 de marzo, con ocasión de la exposición "La visión impura: fondos de la colección permanente"
650 #7 - PUNTO DE ACCESO ADICIONAL DE MATERIA--TÉRMINO DE MATERIA
Término de materia o nombre geográfico como elemento de entrada Cuerpo humano-
Subdivisión general En el arte.
9 (RLIN) 11508
650 #7 - PUNTO DE ACCESO ADICIONAL DE MATERIA--TÉRMINO DE MATERIA
Término de materia o nombre geográfico como elemento de entrada Estética-
Subdivisión cronológica S.XX.
9 (RLIN) 12540
650 07 - PUNTO DE ACCESO ADICIONAL DE MATERIA--TÉRMINO DE MATERIA
Término de materia o nombre geográfico como elemento de entrada Percepción visual.
9 (RLIN) 15933
700 1# - ENTRADA AGREGADA--NOMBRE PERSONAL
Nombre de persona Fernández Polanco, Aurora.
9 (RLIN) 161337
710 2# - ENTRADA AGREGADA--NOMBRE DE ENTIDAD CORPORATIVA
Nombre de entidad corporativa o nombre de jurisdicción como elemento de entrada Museo Nacional Centro de Arte Reina Sofía
9 (RLIN) 147737
852 ## - LOCALIZACIÓN
Ubicación ES-MaACL
Número de control de estantería L-30857
Holdings
Estatus retirado Estado de pérdida Estado de daño No para préstamo Biblioteca de origen Biblioteca actual Ubicación en estantería Fecha de adquisición Fuente de adquisición Total de préstamos Signatura topográfica completa Código de barras Visto por última vez Precio de reemplazo Tipo de ítem Koha
        Biblioteca del Ateneo de Madrid Biblioteca del Ateneo de Madrid Depósito 2 21/11/2016     L-30857 1196679 23/02/2023 23/02/2023 Libro impreso